Používanie zhodných alebo podobných označení v reklame z hľadiska súťažného práva

Právna úprava a používanie zhodných alebo podobných označení tovarov alebo služieb v reklame má za cieľ zásadným spôsobom ovplyniť správanie sa adresáta reklamy. Prípady dovoleného a nedovolenéího používania označení, predovšetkým ochranných známok.

Gespeichert in:
Bibliographische Detailangaben
1. Verfasser: Bačárová, Renáta
Format: Buchkapitel
Sprache:Slowakisch
Schlagworte:
Tags: Tag hinzufügen
Keine Tags, Fügen Sie das erste Tag hinzu!

MARC

LEADER 00000naa$a2200000$$$4500
001 0211000
005 20230908074133.6
041 0 |a slo 
044 |a SK 
245 1 0 |a Používanie zhodných alebo podobných označení v reklame z hľadiska súťažného práva  |c Renáta Bačárová 
520 |a Právna úprava a používanie zhodných alebo podobných označení tovarov alebo služieb v reklame má za cieľ zásadným spôsobom ovplyniť správanie sa adresáta reklamy. Prípady dovoleného a nedovolenéího používania označení, predovšetkým ochranných známok. 
610 2 0 |a vlastníctvo duševné 
610 2 0 |a ochrana práv priemyselných 
610 2 0 |a vzory chránené 
610 2 0 |a známky ochranné 
610 2 0 |a právo značkové 
610 2 0 |a ochrana informácií 
610 2 0 |a reklama 
100 1 |a Bačárová, Renáta